000 01976nam0a2200349 4500
001 RU\NLR\BIBL_A\022697913
005 20260310160833.0
010 _a978-5-91776-633-1
_944
021 _aRU
_bКН-П-25-069249
_9КН-П-25-6706
035 _a(NLR Aleph) 022697913
090 _a13632863
_c13632863
100 _a20251229d2025 u y0rusy50 ca
101 0 _arus
102 _aRU
105 _aa|||j|||000yy
181 0 _ai3
_baxxe
182 0 _an
200 1 _aИстория России
_eучебное пособие
_eдля курсантов и слушателей образовательных организаций системы МВД России
_fМ. Г. Чесовская, А. Ф. Агарков, М. Л. Радченко
_gБелгородский юридический институт МВД России имени И. Д. Путилина
203 _aТекст
_bвизуальный
_cнепосредственный
210 _aБелгород
_cБелгородский юридический институт МВД России имени И. Д. Путилина
_d2025
215 _a104 с.
_cтабл.
_d21
300 _aВ вып. дан. авт.: Чесовская М. Г., канд. ист. наук, доц., Агарков А. Ф., Радченко М. Л., кандидаты ист. наук
320 _aБиблиогр.: с. 103-104 (30 назв.) и в подстроч. примеч.
607 _aРоссия
_jУчебные издания для высших учебных заведений
_xИстория
_91554184
_3RU\NLR\AUTH\66979780
686 1 _aТ3(2)я73
700 1 _aЧесовская
_bМ. Г.
_gМарина Георгиевна
701 1 _aАгарков
_bА. Ф.
_gАлександр Федорович
701 1 _aРадченко
_bМ. Л.
_gМаргарита Леонидовна
942 _cBOOK
980 _aNB